000 00728nas a2200241 4500
001 BR8007693
003 BR-BrBNA
005 20231205084443.0
007 ta
008 230509b bl.|||p| |||| 00| 00por d
040 _aBR-BrBNA
_bpor
_cBiblioteca Nacional de Agricultura
041 _a(Pt)
072 _aL73
100 1 _aRibeiro, L.A.O.
245 1 _aFoot-rot dos ovinos: etiologia; patogenia e controle
650 _aOVINO
650 _aPODODERMITE
650 _aCONTROLE QUIMICO
650 _aVACINA
773 0 _tBoletim do Instituto de Pesquisas Veterinarias Desiderio Finamor (Brazil)
_xISSN 0100-2740
_g(Dec 1980), v. 7 p. 41-45
_wBR8007693
909 _a202311
_bLúcia
_c55
_dLúcia Elande
942 _2AGRIS
_n0
_cANA
999 _c105341
_d105341